000
00284nam a22000977a 4500
005
20250901165411.0
008
210323b ||||| |||| 00| 0 eng d
050
_a
LC5133.L67F66 2008
245
_a
RENTLESS PURSUIT
_b
A YEAR IN THE TRENCHES WITH TEACH FOR AMERICA
_c
FOOTE, DONNA
942
_2
lcc
999
_c
3350
_d
3350